| 000 | 00868cam a22002413a 4500 | ||
|---|---|---|---|
| 001 | 29685 | ||
| 003 | PGUSA | ||
| 005 | 20140828083636.0 | ||
| 008 | 090813s2009||||xxu|||||s|||||000 | eng d | ||
| 040 |
_aPGUSA _beng |
||
| 042 | _adc | ||
| 050 | 4 | _aV | |
| 100 | 1 |
_aDomville-Fife, Charles W. _q(Charles William), _d1886- |
|
| 245 | 1 | 0 |
_aSubmarine Warfare of To-day : _bHow the Submarine Menace was Met and Vanquished, With Descriptions of the Inventions and Devices Used, Fast Boats, Mystery Ships _h[electronic resource] / _cCharles W. Domville-Fife |
| 260 |
_bProject Gutenberg, _c2009 |
||
| 506 | _aPublic domain in the USA. | ||
| 516 | _aElectronic text | ||
| 653 | _aWorld War, 1914-1918 -- Naval operations -- Submarine | ||
| 653 | _aSubmarine warfare | ||
| 830 | 0 |
_aProject Gutenberg _v29685 |
|
| 856 | 4 | 0 | _uhttp://www.gutenberg.org/ebooks/29685 |
| 942 | _cEB | ||
| 999 |
_c258940 _d258940 |
||